01289nam a22002777a 4500003000400000005001700004008003200021020001800053040002500071082002300096100004300119245006200162246009300224260003700317300002300354500005100377590002900428650002700457650003300484910003700517942001400554952013800568952014400706952014400850999001700994OSt20240530073925.0210310b 2020 dr f 00| 0 eng d a9789945096088 aDO-SdBNPbspacBNPHU 4aRD863.5bD346b2221 aDe Leon , Luis Antonio, d1988-97806810aBuscando tus ojos /cLuis Antonio De León Encarnación3 aBuscando Tus Ojos: ¿Qué estarías dispuesto hacer para encontrar el amor de tu vida? aSanto Domingo : b[s. n.]c2020. a159 p. ; c21 cm.  aIncluye datos biográficos del autor : p.161 aInventariado, 2021 /LP  0aNovela dominicana9223 4aLiteratura dominicana978764 aValidado. Control de calidad MFF 2ddccLBS1 00102ddc51718PDaBNPHUbPDcHDd2021-03-10eDepósito Legal l0oBNPHU PD RD863.5 D346bp2021-0742r2021-03-10w2021-03-10yLFPD 00102ddc51728PDaBNPHUbPDcHDd2021-03-10eDepósito Legal l0oBNPHU PD RD863.5 D346bp2021-0743r2021-03-10te. 2w2021-03-10yLFPD 00102ddc56708DSaBNPHUbGRcHDd2021-03-10eDepósito Legal l0oBNPHU DS RD863.5 D346bp2021-0744r2021-03-10te. 3w2021-03-10yLFDS c49533d49533